[Event "HUN-chT2 Szechenyi 1112"]
[Site "Hungary"]
[Date "2012.03.25"]
[Round "8.6"]
[White "Mazak, Lajos"]
[Black "Makk, Norbert"]
[Result "1/2-1/2"]
[WhiteElo "1877"]
[BlackElo "1969"]
[PlyCount "75"]
[EventDate "2011.09.25"]
[EventType "team-tourn"]
[EventRounds "11"]
[EventCountry "HUN"]
[SourceTitle "EXT 2013"]
[Source "ChessBase"]
[SourceDate "2012.11.22"]
[SourceVersion "1"]
[SourceVersionDate "2012.11.22"]
[SourceQuality "1"]
[WhiteTeam "Pet"]
[BlackTeam "Alsoszolnok"]
[WhiteTeamCountry "HUN"]
[BlackTeamCountry "HUN"]

1. d4 d5 2. c4 c6 3. Nc3 Nf6 4. cxd5 cxd5 5. Nf3 Nc6 6. e3 g6 7. Be2 Bg7 8. 0-0 0-0 9. Ne5 e6 10. Nd3 b6 11. b3 Re8 12. Bb2 Bb7 13. Rc1 Ne4 14. Ba3 Nxc3 15. Rxc3 e5 16. dxe5 Nxe5 17. Rc2 d4 18. Nxe5 Rxe5 19. Qxd4 Qxd4 20. exd4 Rg5 21. g3 Bxd4 22. Rc7 Bd5 23. Rd1 Re8 24. Re7 Re5 25. Rxd4 R5xe7 26. Bxe7 Rxe7 27. Rxd5 Rxe2 28. a4 Rb2 29. Rd3 a5 30. Kg2 Kg7 31. Kf3 h5 32. h4 f6 33. Ke3 g5 34. hxg5 fxg5 35. f4 h4 36. gxh4 gxh4 37. Ke4 Rg2 38. f5 1/2-1/2

[Event "HUN-chT2 Szechenyi 1112"]
[Site "Hungary"]
[Date "2012.01.29"]
[Round "5.5"]
[White "Mazak, Lajos"]
[Black "Csiszar, Albert"]
[Result "0-1"]
[WhiteElo "1877"]
[BlackElo "1822"]
[PlyCount "174"]
[EventDate "2011.09.25"]
[EventType "team-tourn"]
[EventRounds "11"]
[EventCountry "HUN"]
[SourceTitle "EXT 2013"]
[Source "ChessBase"]
[SourceDate "2012.11.22"]
[SourceVersion "1"]
[SourceVersionDate "2012.11.22"]
[SourceQuality "1"]
[WhiteTeam "Pet"]
[BlackTeam "Zalakaros"]
[WhiteTeamCountry "HUN"]
[BlackTeamCountry "HUN"]

1. d4 d5 2. c4 e6 3. Nc3 c6 4. e3 Bd6 5. Nf3 f5 6. cxd5 exd5 7. g3 Nf6 8. Bg2 0-0 9. 0-0 Be6 10. Ng5 Bf7 11. Qc2 Ne4 12. Nxf7 Rxf7 13. f3 Nxc3 14. bxc3 Nd7 15. e4 fxe4 16. fxe4 Rxf1+ 17. Bxf1 dxe4 18. Qxe4 Qf6 19. Be3 Qf7 20. Bd3 g6 21. Qg2 Re8 22. Rf1 Qe6 23. Bg5 Be7 24. Bf4 Bf6 25. Qb2 Nb6 26. Qb1 Kg7 27. Bd2 Qd5 28. Qb3 Re7 29. Qa3 Bg5 30. Qc1 Bxd2 31. Qxd2 Qe6 32. Qf2 Qe3 33. Rd1 Na4 34. Qxe3 Rxe3 35. Kf2 Nxc3 36. Rd2 Re7 37. Rc2 Nd5 38. Bc4 Nb6 39. Bb3 Kf8 40. Rd2 Rd7 41. Ke3 Ke7 42. Rf2 Kd6 43. Rf6+ Kc7 44. Rf7 Rxf7 45. Bxf7 Kd6 46. Kf4 Ke7 47. Bg8 h6 48. Ke5 Nd7+ 49. Kf4 Kf6 50. Bb3 b5 51. Bc2 Nb6 52. Ke4 a5 53. Bd1 a4 54. Bf3 Nd5 55. Kd3 Ke6 56. a3 Kd6 57. Be4 g5 58. Bg6 Nf6 59. Bf5 h5 60. h3 c5 61. dxc5+ Kxc5 62. Kc3 Nd5+ 63. Kd3 Nb6 64. h4 gxh4 65. gxh4 Nd5 66. Bd7 Nf4+ 67. Kc2 Ng6 68. Be8 Nxh4 69. Bxh5 Nf5 70. Be8 Nd6 71. Bg6 Nc4 72. Be8 Nxa3+ 73. Kb2 Kb4 74. Ka2 Nc4 75. Bd7 Ne3 76. Be8 Nd5 77. Ka1 Nc3 78. Kb2 a3+ 79. Kc2 Kc4 80. Bg6 b4 81. Bd3+ Kd4 82. Bg6 Na4 83. Kb3 Nc5+ 84. Ka2 Kc3 85. Bf7 Nd3 86. Kb1 b3 87. Bg6 Nb4 0-1

[Event "HUN-chT2 Szechenyi 0708"]
[Site "Hungary"]
[Date "2008.05.18"]
[Round "11"]
[White "Makk, Robert"]
[Black "Mazak, Lajos"]
[Result "1-0"]
[WhiteElo "1921"]
[BlackElo "1941"]
[PlyCount "49"]
[EventDate "2007.10.14"]
[EventType "team-tourn"]
[EventRounds "11"]
[EventCountry "HUN"]
[SourceTitle "EXT 2009"]
[Source "ChessBase"]
[SourceDate "2008.11.26"]
[SourceVersion "1"]
[SourceVersionDate "2008.11.26"]
[SourceQuality "1"]
[WhiteTeam "Sarvar"]
[BlackTeam "Peti MTE"]
[WhiteTeamCountry "HUN"]
[BlackTeamCountry "HUN"]

1. e4 c5 2. Nf3 d6 3. d4 cxd4 4. Nxd4 Nf6 5. Nc3 a6 6. Bc4 e6 7. Bb3 Qc7 8. 0-0 Nc6 9. Nxc6 Qxc6 10. Qe2 Bd7 11. Re1 Be7 12. Nd5 Bd8 13. Bg5 Ng8 14. Bxd8 Rxd8 15. Rad1 Ne7 16. Nxe7 Kxe7 17. Qg4 Kf8 18. Qg3 Bc8 19. e5 d5 20. c4 b5 21. cxd5 exd5 22. Qg5 Rd7 23. Rc1 Qb7 24. e6 f6 25. exd7 1-0

[Event "HUN-chT2 Szechenyi 0607"]
[Site "Hungary"]
[Date "2007.05.20"]
[Round "11"]
[White "Veber, Richard"]
[Black "Mazak, Lajos"]
[Result "1-0"]
[WhiteElo "1989"]
[BlackElo "2009"]
[PlyCount "39"]
[EventDate "2006.11.12"]
[EventType "team-tourn"]
[EventRounds "11"]
[EventCountry "HUN"]
[SourceTitle "EXT 2008"]
[Source "ChessBase"]
[SourceDate "2007.11.25"]
[SourceVersion "1"]
[SourceVersionDate "2007.11.25"]
[SourceQuality "1"]
[WhiteTeam "Ajka Banyasz"]
[BlackTeam "Peti MTE"]
[WhiteTeamCountry "HUN"]
[BlackTeamCountry "HUN"]

1. e4 c5 2. Nc3 d6 3. g3 Nf6 4. Bg2 Nc6 5. d3 e6 6. Nge2 Be7 7. 0-0 d5 8. exd5 exd5 9. Nf4 d4 10. Ncd5 0-0 11. Nxf6+ Bxf6 12. Bd2 Re8 13. Qh5 Qd6 14. Rfe1 Bd7 15. Bd5 g6 16. Nxg6 hxg6 17. Qxg6+ Kh8 18. Qh5+ Kg8 19. Qxf7+ Kh8 20. Qh5+ 1-0

[Event "HUN-chT2 Szechenyi 0607"]
[Site "Hungary"]
[Date "2006.12.10"]
[Round "4"]
[White "Foki, Robert"]
[Black "Mazak, Lajos"]
[Result "1/2-1/2"]
[WhiteElo "1898"]
[BlackElo "2009"]
[PlyCount "100"]
[EventDate "2006.11.12"]
[EventType "team-tourn"]
[EventRounds "11"]
[EventCountry "HUN"]
[SourceTitle "EXT 2008"]
[Source "ChessBase"]
[SourceDate "2007.11.25"]
[SourceVersion "1"]
[SourceVersionDate "2007.11.25"]
[SourceQuality "1"]
[WhiteTeam "Arboretum"]
[BlackTeam "Peti MTE"]
[WhiteTeamCountry "HUN"]
[BlackTeamCountry "HUN"]

1. d4 d5 2. Nf3 Nf6 3. c3 Nbd7 4. Nbd2 e6 5. Qc2 c5 6. e4 dxe4 7. Nxe4 cxd4 8. Nxf6+ Nxf6 9. Nxd4 Be7 10. Bb5+ Bd7 11. Qa4 a6 12. Bxd7+ Qxd7 13. Qb3 Qd5 14. 0-0 0-0 15. Be3 Rfd8 16. Rfd1 Rd7 17. c4 Qh5 18. Nf3 Rad8 19. Bb6 Rxd1+ 20. Rxd1 Rxd1+ 21. Qxd1 h6 22. h3 Qf5 23. a3 Qe4 24. Bd4 Qc6 25. Ne5 Qc8 26. b4 Qd8 27. Qa1 Bf8 28. c5 Qd5 29. Nf3 Nh5 30. Qc1 Be7 31. Qc2 Nf4 32. a4 Nxh3+ 33. Kf1 Nf4 34. b5 Qh5 35. Ng1 Qg5 36. g3 Qd5 37. gxf4 Qxd4 38. bxa6 bxa6 39. c6 Qd8 40. Nf3 Bd6 41. Qc4 Qb6 42. Ne5 h5 43. Qe4 Bc7 44. Nd7 Qb3 45. Kg2 a5 46. Nc5 Qd1 47. Nd3 Qg4+ 48. Kf1 Qd1+ 49. Kg2 Qg4+ 50. Kf1 Qd1+ 1/2-1/2

[Event "HUN-chT2 Szechenyi 0607"]
[Site "Hungary"]
[Date "2006.12.03"]
[Round "3"]
[White "Deak, Laszlo"]
[Black "Mazak, Lajos"]
[Result "0-1"]
[WhiteElo "2120"]
[BlackElo "2009"]
[PlyCount "78"]
[EventDate "2006.11.12"]
[EventType "team-tourn"]
[EventRounds "11"]
[EventCountry "HUN"]
[SourceTitle "EXT 2008"]
[Source "ChessBase"]
[SourceDate "2007.11.25"]
[SourceVersion "1"]
[SourceVersionDate "2007.11.25"]
[SourceQuality "1"]
[WhiteTeam "Zala Volan"]
[BlackTeam "Peti MTE"]
[WhiteTeamCountry "HUN"]
[BlackTeamCountry "HUN"]

1. e4 c5 2. Nc3 d6 3. Bc4 Nf6 4. d3 e6 5. f4 Nc6 6. Nf3 a6 7. a4 Qc7 8. 0-0 Be7 9. h3 Bd7 10. f5 h6 11. fxe6 Bxe6 12. Bxe6 fxe6 13. Bf4 Nd7 14. Ne2 Bf6 15. c3 0-0 16. Qe1 Nde5 17. Nxe5 Nxe5 18. Qg3 Nf7 19. Rf2 Qe7 20. Raf1 Bh4 21. Qg6 Bxf2+ 22. Rxf2 Qf6 23. Qg3 e5 24. Bc1 Qe6 25. c4 Nh8 26. Nc3 Rxf2 27. Qxf2 Rf8 28. Qg3 Qg6 29. Qe1 Qf7 30. Nd5 Ng6 31. a5 Nf4 32. Bxf4 exf4 33. Qh4 Kh7 34. Qg4 f3 35. Ne3 fxg2 36. Qxg2 g6 37. Nd5 Qf3 38. Ne7 Qe3+ 39. Kh1 Qe1+ 0-1

[Event "HUN-chT2 Szechenyi 0607"]
[Site "Hungary"]
[Date "2006.11.26"]
[Round "2"]
[White "Mazak, Lajos"]
[Black "Hagymasi, Janos"]
[Result "0-1"]
[WhiteElo "2009"]
[BlackElo "1979"]
[PlyCount "120"]
[EventDate "2006.11.12"]
[EventType "team-tourn"]
[EventRounds "11"]
[EventCountry "HUN"]
[SourceTitle "EXT 2008"]
[Source "ChessBase"]
[SourceDate "2007.11.25"]
[SourceVersion "1"]
[SourceVersionDate "2007.11.25"]
[SourceQuality "1"]
[WhiteTeam "Peti MTE"]
[BlackTeam "Veszprem"]
[WhiteTeamCountry "HUN"]
[BlackTeamCountry "HUN"]

1. d4 Nf6 2. c4 e6 3. Nc3 Bb4 4. Bg5 c5 5. dxc5 Bxc3+ 6. bxc3 h6 7. Bxf6 Qxf6 8. Qd4 Na6 9. Rc1 0-0 10. Nf3 Qe7 11. Qd6 Qd8 12. e3 Qa5 13. Rc2 Nxc5 14. Be2 b6 15. 0-0 Bb7 16. Nd4 Be4 17. Rcc1 Rac8 18. Nb3 Qa4 19. Nxc5 Rxc5 20. Qd2 Rd8 21. f3 Bb7 22. e4 Ba6 23. Rfd1 Bxc4 24. Bxc4 Qxc4 25. Qd4 Qa6 26. Rc2 Qc8 27. Rdc1 Qc7 28. g3 d5 29. f4 dxe4 30. Qxe4 Rcd5 31. Qe2 Qc5+ 32. Qf2 Qd6 33. Re1 Rd3 34. c4 Rd4 35. Qe2 Qc5 36. Kf1 Qc6 37. Kg1 Qd6 38. Qe5 Qc6 39. Qe2 Rc8 40. Rec1 Qc5 41. Kf1 Rcd8 42. Re1 R8d6 43. Kg2 Qc6+ 44. Kg1 Qd7 45. Qf2 Rd2 46. Re2 Rd1+ 47. Kg2 Qc6+ 48. Kh3 R1d4 49. c5 bxc5 50. Qg2 Qxg2+ 51. Kxg2 c4 52. a3 Rc6 53. Rc3 Rd3 54. Rec2 Rxc3 55. Rxc3 g5 56. fxg5 hxg5 57. Kf3 f5 58. g4 Kf7 59. h3 Kf6 60. Ke3 Ke5 0-1

[Event "HUN-chT2 Szechenyi 0607"]
[Site "Hungary"]
[Date "2006.11.12"]
[Round "1"]
[White "Mazak, Lajos"]
[Black "Nemeth, Denes"]
[Result "0-1"]
[WhiteElo "2009"]
[BlackElo "1853"]
[PlyCount "76"]
[EventDate "2006.11.12"]
[EventType "team-tourn"]
[EventRounds "11"]
[EventCountry "HUN"]
[SourceTitle "EXT 2008"]
[Source "ChessBase"]
[SourceDate "2007.11.25"]
[SourceVersion "1"]
[SourceVersionDate "2007.11.25"]
[SourceQuality "1"]
[WhiteTeam "Peti MTE"]
[BlackTeam "Haladas II"]
[WhiteTeamCountry "HUN"]
[BlackTeamCountry "HUN"]

1. d4 Nf6 2. Nf3 e6 3. Bg5 h6 4. Bxf6 Qxf6 5. e4 d6 6. Bd3 Nd7 7. 0-0 Be7 8. Re1 e5 9. c3 0-0 10. Nbd2 c6 11. Nf1 Re8 12. Ne3 Nf8 13. d5 Ng6 14. Bf1 Nf4 15. c4 Qg6 16. Qc2 Bd7 17. Nf5 cxd5 18. Nxe7+ Rxe7 19. cxd5 Rc8 20. Qd2 Bg4 21. Qe3 Rec7 22. Kh1 Rc2 23. Rab1 f5 24. Nh4 Qg5 25. g3 fxe4 26. Ng2 Bf3 27. gxf4 exf4 28. Qxa7 e3 29. Qxb7 Bxd5 30. Qd7 Rd8 31. Qh3 Rxf2 32. Re2 Bxg2+ 33. Bxg2 Rxe2 34. Bf3 Rf2 35. Rg1 Qe5 36. Qh4 Rf8 37. Qg4 e2 38. Qh4 Rf1 0-1

[Event "HUN-chT2 Breyer 0203"]
[Site "Hungary"]
[Date "2002.09.22"]
[Round "1"]
[White "Mazak, Lajos"]
[Black "Toth, Szilvia"]
[Result "1/2-1/2"]
[WhiteElo "2003"]
[BlackElo "2012"]
[PlyCount "106"]
[EventDate "2002.09.22"]
[EventType "team-tourn"]
[EventRounds "11"]
[EventCountry "HUN"]
[SourceTitle "EXT 2009"]
[Source "ChessBase"]
[SourceDate "2008.11.26"]
[SourceVersion "1"]
[SourceVersionDate "2008.11.26"]
[SourceQuality "1"]

1. d4 d5 2. c4 c6 3. Nc3 Nf6 4. cxd5 cxd5 5. Bg5 e6 6. e3 Nc6 7. Bb5 Bd7 8. Nge2 Rc8 9. 0-0 Be7 10. Rc1 0-0 11. Bd3 Na5 12. Bb1 Nc4 13. Bxf6 Bxf6 14. Qd3 g6 15. Qc2 Bg7 16. Rfd1 Qb6 17. b3 Nd6 18. Qd2 Nb5 19. Bd3 Bc6 20. Nxb5 Bxb5 21. Bxb5 Qxb5 22. Rc2 Rc6 23. Rxc6 Qxc6 24. Rc1 Qb6 25. Nf4 Bf6 26. Qc2 Re8 27. Nd3 Qd6 28. Qc7 Qxc7 29. Rxc7 Re7 30. Rc8+ Kg7 31. Kf1 Rd7 32. Ke2 h6 33. Nc5 Re7 34. Kd3 b6 35. Na4 Rd7 36. Nc3 Be7 37. Nb5 a6 38. Rc7 Rxc7 39. Nxc7 a5 40. h3 Kf8 41. e4 Bd8 42. Nb5 Ke7 43. f3 Kd7 44. Nc3 Kc6 45. exd5+ exd5 46. a4 Be7 47. Ne2 Bd6 48. f4 Bc7 49. Ke3 Bd6 50. Ng1 Bc7 51. Nf3 Kd6 52. g4 Ke6 53. Ne5 Bd6 1/2-1/2